Pakistan under musharraf (1999-2002):Economic Reform and Political change (Record no. 299159)

000 -LEADER
fixed length control field 00248 a2200097 4500
001 - CONTROL NUMBER
control field 64086
090 ## - LOCALLY ASSIGNED LC-TYPE CALL NUMBER (OCLC); LOCAL CALL NUMBER (RLIN)
-- 37855
-- 37855
100 ## - MAIN ENTRY--PERSONAL NAME
Personal name Shahrukh Rafi Khan
245 ## - TITLE STATEMENT
Title Pakistan under musharraf (1999-2002):Economic Reform and Political change
260 ## - PUBLICATION, DISTRIBUTION, ETC.
Name of publisher, distributor, etc. Vanguard
942 ## - ADDED ENTRY ELEMENTS (KOHA)
Institution code [OBSOLETE] NUST-CAE
Holdings
Withdrawn status Lost status Damaged status Not for loan Collection code Permanent Location Current Location Date acquired Total Checkouts Barcode Date last seen Price effective from Koha item type
          College of Aeronautical Engineering (CAE) College of Aeronautical Engineering (CAE) 04/03/2017   CAEN-3206 04/05/2017 04/05/2017 Book
© 2023 Central Library, National University of Sciences and Technology. All Rights Reserved.